Now and forever / (Record no. 234715)

000 -LEADER
fixed length control field 01447cam a22003613a 4500
001 - CONTROL NUMBER
control field 16928328
003 - CONTROL NUMBER IDENTIFIER
control field Nust
005 - DATE AND TIME OF LATEST TRANSACTION
control field 20170329163122.0
008 - FIXED-LENGTH DATA ELEMENTS--GENERAL INFORMATION
fixed length control field 110819s1978 nyu 000 1 eng d
010 ## - LIBRARY OF CONGRESS CONTROL NUMBER
LC control number 2011487254
020 ## - INTERNATIONAL STANDARD BOOK NUMBER
International Standard Book Number 9780751542493
035 ## - SYSTEM CONTROL NUMBER
System control number (OCoLC)ocm03856470
040 ## - CATALOGING SOURCE
Original cataloging agency SLC
Transcribing agency SLC
Modifying agency CSB
-- OCL
-- ZP7
-- JBO
-- ORX
-- TXRCL
-- DLC
042 ## - AUTHENTICATION CODE
Authentication code lccopycat
043 ## - GEOGRAPHIC AREA CODE
Geographic area code n-us-ca
050 00 - LIBRARY OF CONGRESS CALL NUMBER
Classification number CPB Box no. 91 vol. 15
082 ## - DEWEY DECIMAL CLASSIFICATION NUMBER
Classification number 823
Author Mark STE
100 1# - MAIN ENTRY--PERSONAL NAME
Personal name Steel, Danielle.
245 10 - TITLE STATEMENT
Title Now and forever /
Statement of responsibility, etc. Danielle Steel.
260 ## - PUBLICATION, DISTRIBUTION, ETC.
Place of publication, distribution, etc. New York :
Name of publisher, distributor, etc. Dell Pub. Co.,
Date of publication, distribution, etc. 1978.
300 ## - PHYSICAL DESCRIPTION
Extent 382 p. ;
Dimensions 18 cm.
490 0# - SERIES STATEMENT
Series statement A Dell book
520 ## - SUMMARY, ETC.
Summary, etc. A foolhardy affair threatens to ruin the seven-year marriage of Jessica and Ian Clarke.
650 #0 - SUBJECT ADDED ENTRY--TOPICAL TERM
Topical term or geographic name entry element Authors
Form subdivision Fiction.
650 #0 - SUBJECT ADDED ENTRY--TOPICAL TERM
Topical term or geographic name entry element False imprisonment
Form subdivision Fiction.
651 #0 - SUBJECT ADDED ENTRY--GEOGRAPHIC NAME
Geographic name San Francisco (Calif.)
Form subdivision Fiction.
655 #7 - INDEX TERM--GENRE/FORM
Genre/form data or focus term Love stories.
Source of term gsafd
710 2# - ADDED ENTRY--CORPORATE NAME
Corporate name or jurisdiction name as entry element Copyright Paperback Collection (Library of Congress)
Institution to which field applies DLC
856 42 - ELECTRONIC LOCATION AND ACCESS
Materials specified Publisher description
Uniform Resource Identifier <a href="http://www.loc.gov/catdir/enhancements/fy1202/2011487254-d.html">http://www.loc.gov/catdir/enhancements/fy1202/2011487254-d.html</a>
856 41 - ELECTRONIC LOCATION AND ACCESS
Materials specified Sample text
Uniform Resource Identifier <a href="http://www.loc.gov/catdir/enhancements/fy1202/2011487254-s.html">http://www.loc.gov/catdir/enhancements/fy1202/2011487254-s.html</a>
856 42 - ELECTRONIC LOCATION AND ACCESS
Materials specified Contributor biographical information
Uniform Resource Identifier <a href="http://www.loc.gov/catdir/enhancements/fy1515/2011487254-b.html">http://www.loc.gov/catdir/enhancements/fy1515/2011487254-b.html</a>
906 ## - LOCAL DATA ELEMENT F, LDF (RLIN)
a 7
b cbc
c copycat
d 2
e ncip
f 20
g y-genrareb
942 ## - ADDED ENTRY ELEMENTS (KOHA)
Source of classification or shelving scheme
Koha item type Book
Holdings
Withdrawn status Lost status Source of classification or shelving scheme Damaged status Not for loan Permanent Location Current Location Shelving location Date acquired Total Checkouts Total Renewals Full call number Barcode Date last seen Date last checked out Copy number Price effective from Koha item type
          Central Library (CL) Central Library (CL) Fiction 03/29/2017 2 1 823 STE CL1134 04/07/2023 03/19/2018 1 03/29/2017 Book
© 2023 Central Library, National University of Sciences and Technology. All Rights Reserved.